000 00606nam a2200217Ii 4500
003 JO-AjNU
008 230606s9999||||xx |||||||||||||| ||und||
020 _a81-87125-94-2
040 _aJO-AjNU
_beng
_erda
_cJO-AjNU
041 _aeng
050 1 4 _aHG221 2006
100 3 _aJhingan,M.L,
_eauthor
_91381
245 0 0 _aPuplic Finance and International Trade
250 _a2 ed
264 3 1 _aNew Delhi: Vrinda Publications (P) LTD,2006
300 _a370p
336 _atext
_btxt
_2rdacontent
337 _aunmediated
_bn
_2rdamedia
338 _avolume
_bnc
_2rdacarrier
650 4 _aPudlic Finance
_91382
999 _aE729
_c729
_d729